00508nam a22001457a 4500003000500000038002200005082000800027100001900035245013400054264003000188300002000218650003200238700003500270856005700305NUST aZafar Iqbal Malik a200 aMalik Mehreen  aDigital Leadership and Business Model Innovation: A Case Study of Digital Transformation of the Textile Industry /cMehreen Malik aIslamabadbNBS NUSTc2024 a143, p.c35 cm. aPhD-Business Administration aSupervisor: Dr. Naukhez Sarwar uhttp://10.250.8.41:8080/xmlui/handle/123456789/49334